Urban policy and politics: in a bureaucratic age (Record no. 409168)

000 -LEADER
fixed length control field 00698cam a22001937a 4500
008 - FIXED-LENGTH DATA ELEMENTS--GENERAL INFORMATION
fixed length control field 180718b1979 xxu||||| |||| 00| 0 eng d
020 ## - INTERNATIONAL STANDARD BOOK NUMBER
International Standard Book Number 0139395385
082 ## - DEWEY DECIMAL CLASSIFICATION NUMBER
Classification number B73x73 ST71
100 ## - MAIN ENTRY--PERSONAL NAME
Personal name Stone, Clarence N.
245 ## - TITLE STATEMENT
Title Urban policy and politics: in a bureaucratic age
Statement of responsibility, etc. by Clarence N. Stone, Robert K. Whelan and William J. Murin
260 ## - PUBLICATION, DISTRIBUTION, ETC.
Place of publication, distribution, etc. Englewood-Hall
Name of publisher, distributor, etc. Englewood Cliffs
Date of publication, distribution, etc. 1979
300 ## - PHYSICAL DESCRIPTION
Extent xiv, 399p
650 ## - SUBJECT ADDED ENTRY--TOPICAL TERM
Topical term or geographic name entry element Political participation -United States.
650 ## - SUBJECT ADDED ENTRY--TOPICAL TERM
Topical term or geographic name entry element Municipal services -United States
650 ## - SUBJECT ADDED ENTRY--TOPICAL TERM
Topical term or geographic name entry element Municipal officials and employees -United States
650 ## - SUBJECT ADDED ENTRY--TOPICAL TERM
Topical term or geographic name entry element Municipal government -United States
700 ## - ADDED ENTRY--PERSONAL NAME
Personal name Murtin, William J.
700 ## - ADDED ENTRY--PERSONAL NAME
Personal name Whelan, Robert K.
Holdings
Withdrawn status Lost status Damaged status Not for loan Permanent Location Current Location Date acquired Full call number Barcode Date last seen Price effective from Koha item type
        Indian Institute of Public Administration Indian Institute of Public Administration 2009-01-01 B73x73 ST71 DA5146 2018-07-21 2018-07-21 DA

Powered by Koha